|
|
|
|
| LEADER |
02019nam a2200385 a 4500 |
| 001 |
mzk03001069705 |
| 003 |
CZ BrMZK |
| 005 |
20180916164520.0 |
| 007 |
ta |
| 008 |
000105s1722 gw fr|||||00| ||gerod |
| 040 |
|
|
|a BOA001
|b cze
|
| 041 |
1 |
|
|a ger
|h ita
|
| 072 |
|
7 |
|a 094
|x Staré tisky
|2 Konspekt
|9 12
|
| 080 |
|
|
|a (0.068)094
|2 MRF
|
| 100 |
1 |
|
|a Foresti, Antonio,
|d 1625-1692
|7 ola2006357408
|4 aut
|
| 245 |
1 |
4 |
|a Der Historischen Welt-Carten.
|n Dritte Fortsetzung oder Sechster Theil,
|p In sich enthaltend Die Leben der Mahometanischen Califen, wie auch der Ottomanischen und Chinesischen Kaysern /
|c Anfänglich in Italiänischer Sprach beschrieben Durch P. Antonium Foresti, Der Gesellschafft Jesu. Anjetzo in die Teutsche Sprach übersetzet von einem Liebhaber der GeSchichten
|
| 246 |
3 |
0 |
|a In sich enthaltend Die Leben der Mahometanischen Califen, wie auch der Ottomanischen und Chinesischen Kaysern
|
| 260 |
|
|
|a Augspurg :
|b In Verlag Georg Schlüter und Martin Happach,
|c 1722
|
| 300 |
|
|
|a [8], 720, [10] s. ;
|c 2°
|
| 500 |
|
|
|a Výzdoba: Titulní strana tištěna červeně a černě, signet (Turbant, Sed extollunt), vlysy, iniciály, viněty, text tištěn dvousloupcově
|
| 501 |
|
|
|a Přívazek k 5. dílu téhož titulu
|
| 655 |
|
7 |
|a staré tisky
|7 fd422076
|2 czenas
|
| 700 |
1 |
|
|a Schlüter, Georg,
|d -1731
|7 mzk2003198561
|4 trl
|
| 856 |
4 |
2 |
|u https://books.google.cz/books?id=jL5fAAAAcAAJ&printsec=frontcover&hl=cs&source=gbs_ge_summary_r&cad=0#v=onepage&q&f=false
|y Digitalizovaný dokument
|z Exemplář z Národní knihovna České republiky
|
| 856 |
4 |
1 |
|u https://imageserver.mzk.cz/mzk03/001/069/705/001069705.titul.jp2
|y Titulní list
|
| 903 |
|
|
|a RP
|
| 910 |
|
|
|a BOA001
|b ST3-0002.609,5,přív.
|
| 978 |
|
|
|b Happach, Martin
|a Augsburg
|c 1722
|
| 978 |
|
|
|b Schlüter, Georg
|a Augsburg
|c 1722
|
| 984 |
|
|
|a Augsburg
|b Německo
|
| 985 |
|
|
|a 1701-1750
|
| 990 |
|
|
|a BK
|
| 993 |
|
|
|a Y
|
| 991 |
|
|
|k mzk
|
| 994 |
|
|
|a UP
|l MZK03
|b 000469877
|m přívazek
|n záznam 1. díla (pro objednání pokračujte kliknutím)
|